Statistics for Movies where Schwarzenegger Will Be Back

Click here to take the quiz!

General Stats

  • This quiz has been taken 61 times
  • The average score is 7 of 13

Answer Stats

YearQuoteHintMovie% Correct
1984I'll be backT-800The Terminator
100%
1991Stay here, I'll be backT-1000Terminator 2: Judgment Day
93%
2003She'll be backT-XTerminator 3: Rise of the Machines
88%
1990I'm back!teacherKindergarten Cop
70%
1988If you're lying to me, I'll be backbrothersTwins
70%
2015I'll be backT-3000Terminator Genisys
47%
1985I'll be back, BennetarmyCommando
46%
1993I'll be back! Ha, you didn't know I'm gonna say that!movie starLast Action Hero
46%
1987I'll be backgame showThe Running Man
44%
2012I'm almost out, I'll be back80s herosThe Expendables 2
42%
1994It's nice to be backpregnantJunior
39%
2000I might be backcloneThe 6th day
25%
1986I'll be right backFBIRaw Deal
18%

Score Distribution

Percentile by Number Answered

Percent of People with Each Score

Your Score History

You have not taken this quiz